Statistics for 🌻Ultimate Flower Word Scramble🌷

Click here to take the quiz!

General Stats

  • This quiz has been taken 23 times
  • The average score is 16 of 21

Answer Stats

Hint💡Answer✅% Correct
seorRose
100%
dilodaffDaffodil
94%
ysaidDaisy
94%
ylilLily
94%
yopppPoppy
94%
pultiTulip
89%
aadilhDahlia
83%
stuloLotus
83%
aldogrimMarigold
83%
richdoOrchid
83%
snapyPansy
83%
yenopPeony
83%
aliendondDandelion
78%
denravelLavender
72%
mumthesnarchyChrysanthemum
67%
worlfusenSunflower
67%
lubbleleBluebell
61%
hchanityHyacinth
56%
gardenhayHydrangea
39%
cutebruptButtercup
33%
swordponSnowdrop
22%

Score Distribution

Percentile by Number Answered

Percent of People with Each Score

Your Score History

You have not taken this quiz